000 00862nam a2200217Ia 4500
003 GCL
008 140319s9999 xx 000 0 ara d
020 _a3073809977
040 _aGCL /
_cGCL
082 0 4 _aق
_b962.054
_bح س
100 1 _aحسين حسنى
245 1 0 _aسنوات مع الملك فاروق :
_bشهادة للحقيقة والتاريخ /
_cحسين حسنى
250 _aالاولى
260 _aالقاهرة :
_bدار الشروق ،
_c2001
300 _a382 ص ؛
_c24 سم
650 0 4 _aمصر - تاريخ - العصر الحديث - الملك فاروق ( 1936-1952 م )
650 0 4 _aمصر - تاريخ - العصر الحديث - ثورة 23 يوليو 1952
650 0 4 _aمصر - تاريخ - الاحوال السياسية
650 0 4 _aمصر - تاريخ - الاحوال الاقتصادية
942 _2ddc
_cBK
999 _c9565
_d9565